MARC
| LEADER | 00000cam a2200000 7i4500 | ||
|---|---|---|---|
| 001 | 0000004997 | ||
| 002 | 000005388 | ||
| 005 | 20000330.0 | ||
| 020 | |a 983622713X | ||
| 090 | 0 | 0 | |a 297.4 |b SAS |
| 245 | 0 | 0 | |a Sastera Sufi |c diselenggara oleh Baharudin Ahmad |
| 260 | |a Kuala Lumpur : |b DBP , |c 1992 | ||
| 300 | |a 118p. ; |c 20cm. | ||
| 650 | 0 | 0 | |a Sufi |
| 700 | 0 | |a Baharudin Ahmad | |
| 999 | |a 033551 |b BUKU |c PINJAMAN |e PERPUSTAKAAN KOMUNITI PETALING JAYA | ||